Dynamic mechanical analysis of standard Indonesian rubber/chloroprene rubber for seismic (Record no. 75285)

MARC details
000 -LEADER
fixed length control field 00584nam a22002057a 4500
100 ## - MAIN ENTRY--AUTHOR NAME
Personal name Arti, D.K.
245 ## - TITLE STATEMENT
Title Dynamic mechanical analysis of standard Indonesian rubber/chloroprene rubber for seismic
260 ## - PUBLICATION, DISTRIBUTION, ETC. (IMPRINT)
Name of publisher Kautschuk Gummi Kunststoffe, 76(4): 2023. 53-57.
300 ## - PHYSICAL DESCRIPTION
Other physical details August
650 ## - SUBJECT ADDED ENTRY--TOPICAL TERM
Topical Term Seismic base isolator
650 ## - SUBJECT ADDED ENTRY--TOPICAL TERM
Topical Term Dynamic mechanical analysis
650 ## - SUBJECT ADDED ENTRY--TOPICAL TERM
Topical Term Chloroprene rubber
700 ## - ADDED ENTRY--PERSONAL NAME
Personal name Hidayat, A.S.
700 ## - ADDED ENTRY--PERSONAL NAME
Personal name Saputra, D.A.
700 ## - ADDED ENTRY--PERSONAL NAME
Personal name Gumelar, M.D.
700 ## - ADDED ENTRY--PERSONAL NAME
Personal name Amry, A.
700 ## - ADDED ENTRY--PERSONAL NAME
Personal name Anggaravidya, M
700 ## - ADDED ENTRY--PERSONAL NAME
Personal name Husin, S.
942 ## - ADDED ENTRY ELEMENTS (KOHA)
Koha item type Journals
Holdings
Withdrawn status Lost status Damaged status Not for loan Home library Current library Date acquired Koha item type
        RRII Library RRII Library 24/05/2024 Journals